Rolling Stone's 100 Greatest Songs - Statistics

General Stats
  • This quiz has been taken 185 times
  • The average score is 65 of 100
Answer Stats
Songs Artist % Correct
A Day in the Life | Hey Jude | I Want to Hold Your Hand | +3 others The Beatles
98%
Billie Jean Michael Jackson
97%
(You Make Me Feel Like) A Natural Woman | Respect Aretha Franklin
95%
Kiss Prince
95%
Purple Rain | When Doves Cry Prince and the Revolution
95%
Bohemian Rhapsody Queen
95%
Imagine John Lennon
93%
Smells Like Teen Spirit Nirvana
93%
(I Can't Get No) Satisfaction | Gimme Shelter | Tumbling Dice The Rolling Stones
93%
Like a Prayer Madonna
92%
Tiny Dancer Elton John
91%
Stayin' Alive Bee Gees
89%
Wonderwall Oasis
89%
Stairway to Heaven Led Zeppelin
88%
I Will Always Love You Whitney Houston
87%
Rolling in the Deep Adele
86%
Sweet Child O' Mine Guns n' Roses
85%
God Only Knows | Good Vibrations The Beach Boys
84%
Blowin' in the Wind | Desolation Row | Like a Rolling Stone | Tangled Up in Blue Bob Dylan
83%
Superstition Stevie Wonder
83%
Born to Run Bruce Springsteen
82%
Jolene Dolly Parton
82%
What's Going On Marvin Gaye
82%
Johnny B. Goode Chuck Berry
81%
All Along the Watchtower The Jimi Hendrix Experience
81%
I Walk the Line Johnny Cash
80%
Crazy in Love | Formation Beyonce
78%
B.O.B. | Hey Ya! Outkast
77%
Heroes David Bowie
76%
Suspicious Minds Elvis Presley
76%
Back to Black Amy Winehouse
75%
Bridge Over Troubled Water Simon and Garfunkel
75%
Royals Lorde
73%
(Sittin' On) The Dock of the Bay Otis Redding
73%
Good Golly, Miss Molly | Tutti-Frutti Little Richard
72%
99 Problems Jay-Z
71%
Seven Nation Army The White Stripes
68%
September Earth, Wind and Fire
66%
Dreams Fleetwood Mac
66%
Blitzkrieg Bop Ramones
66%
Fast Car Tracy Chapman
66%
Hallelujah Leonard Cohen
65%
Since U Been Gone Kelly Clarkson
64%
My Girl The Temptations
64%
One U2
64%
Papa's Got a Brand New Bag James Brown
60%
Redemption Song Bob Marley
57%
Running Up That Hill Kate Bush
57%
Dancing on My Own Robyn
54%
Let's Stay Together Al Green
53%
Waterloo Sunset The Kinks
52%
Get Ur Freak On | Work It Missy Elliott
51%
Paper Planes M.I.A.
47%
The Weight The Band
47%
Fight the Power Public Enemy
45%
Once in a Lifetime Talking Heads
45%
Be My Baby The Ronettes
45%
Nuthin' But a 'G' Thang Dr. Dre
44%
I Feel Love Donna Summer
43%
A Change Is Gonna Come Sam Cooke
43%
The Tracks of My Tears Smokey Robinson and The Miracles
43%
Love Will Tear Us Apart Joy Division
41%
Runaway Kanye West
41%
Juicy Notorious B.I.G.
41%
What'd I Say Ray Charles
41%
Family Affair Sly and the Family Stone
41%
Doo Wop (That Thing) Lauryn Hill
39%
Reach Out (I'll Be There) The Four Tops
36%
Walk on By Dionne Warwick
32%
All too Well Taylor Swift
32%
Strange Fruit Billie Holiday
31%
Good Times Chic
31%
Common People Pulp
30%
Idioteque Radiohead
28%
A Case of You Joni Mitchell
27%
The Message Grandmaster Flash and the Furious Five
25%
Gasolina Daddy Yankee
24%
I'm Waiting for the Man The Velvet Underground
24%
Alright Kendrick Lamar
20%
Gloria Patti Smith
20%
Roadrunner The Modern Lovers
9%
All My Friends LCD Soundsystem
7%
Int'l Players Anthem (I Choose You) UGK
7%
No matching quizzes found
Score Distribution
Percent of People with Each Score
Percentile by Number Answered
Your Score History
You have not taken this quiz